U.S. Geography Multiple Choice #1 - Statistics

General Stats
  • This quiz has been taken 646 times
  • The average score is 9 of 15
Answer Stats
Question Answer % Correct
What is the capital of California? Sacremento
96%
What state has sities named Boulder, Aurora, and Aspen? Colorado
88%
In what state did the "Music City Miracle" occur in? Tennessee
84%
What state borders Louisiana to the north? Arkansas
68%
What Great Lake borders Pennsylvania? Lake Erie
68%
What state is famous for the White Sands National Monument? New Mexico
68%
What state borders Illinois to the north? Wisconsin
64%
What mountain range runs through Maine? Appalachian Mountains
56%
In what city was Michael Jackson born in Gary IN
56%
Which state Is nicknamed, "Land of 10,000 Lakes". Minnesota
52%
What state Is the smallest In population? Wyoming
52%
What state produces the most corn per year? Iowa
44%
What is the most populated city in Ohio? Columbus
28%
What is the longest river in North America by length? Missouri River
28%
What state produces the most honey? North Dakota
20%
No matching quizzes found
Score Distribution
Percent of People with Each Score
Percentile by Number Answered
Your Score History
You have not taken this quiz